| 000 | 00710nam a2200205Ia 4500 | ||
|---|---|---|---|
| 003 | GCL | ||
| 008 | 140319s9999 xx 000 0 ara d | ||
| 040 |
_aGCL / _cGCL |
||
| 082 | 0 | 4 |
_aق _b962.0352 _bا ك |
| 100 | 1 | _aاحمد عرابى الحسينى | |
| 245 | 1 | 0 |
_aكشف الستار عن سرالاسرار فى النهضةالمصريةالمشهورة بالثورةالعرابية / _cاحمد عرابى الحسينى |
| 260 |
_a[S.N] : _bمطبعة مصر |
||
| 300 | _a300 ص | ||
| 490 | _a | ||
| 650 | 0 | 4 | _aالعصر الحديث |
| 650 | 0 | 4 | _aمصر |
| 650 | 0 | 4 | _aتاريخ |
| 650 | 0 | 4 | _aمصر - تاريخ - العصر الحديث - الثورة العرابية |
| 942 |
_2ddc _cBK |
||
| 999 |
_c58804 _d58804 |
||